|
|
|
|
| LEADER |
00000nab a2200000 a 4500 |
| 001 |
vtls000056370 |
| 003 |
SK-MaSNL |
| 005 |
20260304063024.0 |
| 008 |
250422c1980 xo 0 slo |
| 015 |
|
|
|a SNBRB19rr/mm-uuuuu
|
| 035 |
|
|
|a CL0066467
|
| 035 |
|
|
|a urn:nbn:sk:snk-ab2u3r
|
| 035 |
|
|
|a (urnnbn)urn:nbn:sk:snk:ar-a02y12
|
| 035 |
|
|
|a (uuid)a5811b17-56e0-4336-b4ed-35bf93fe057e
|
| 040 |
|
|
|a SNKBUCL
|b slo
|c SNKBUCL
|e AACR2
|
| 041 |
0 |
|
|a eng
|
| 044 |
|
|
|a xo
|c SK
|
| 080 |
|
|
|a 159.93/.96
|2 1981
|
| 080 |
|
|
|a 37.01
|2 1981
|
| 100 |
1 |
|
|a Davydov, Vasil V.
|4 aut
|9 1349034
|
| 245 |
1 |
0 |
|a Analysis of psychologico-pedagogical principles of learning
|c Vasil V. Davydov0
|
| 300 |
|
|
|b Res. rus.
|
| 650 |
0 |
7 |
|a učenie
|2 snkbucl
|9 3884
|
| 655 |
|
7 |
|a články z novín a časopisov
|2 snkbucl
|9 267496
|
| 773 |
0 |
|
|t Studia psychologica
|g Roč. 22, č. 1 (1980), s. 41-50
|
| 850 |
|
|
|a Slovenská národná knižnica
|
| 852 |
|
|
|a Slovenská národná knižnica
|
| 958 |
|
|
|a article27
|
| 958 |
|
|
|a RK
|
| 958 |
|
|
|a RU
|
| 958 |
|
|
|a OND
|
| 958 |
|
|
|a EUIPO
|
| 992 |
|
|
|a RBX
|
| 999 |
|
|
|c 2740721
|d 2742651
|